| 000 | 00484nam a22001337a 4500 | ||
|---|---|---|---|
| 020 | _a9787100096348 | ||
| 082 |
_a813.6 _bLIA |
||
| 100 | _aLiang, Zhiping | ||
| 245 |
_aSearching for Harmony in the Natural Order: _ba study of legal tradition of china from a cultural prospective (Chinese Edition) / _cZhiping Liang |
||
| 260 |
_aChina : _bThe Commercial Press, _c2016. |
||
| 300 |
_a380 p. ; _c21 cm. |
||
| 880 |
_6245-02\r _a寻求自然秩序中的和谐 / |
||
| 942 |
_2ddc _cBK |
||
| 999 |
_c591803 _d591803 |
||